I'm in charge of celebrations / (Record no. 9954)

MARC details
000 -LEADER
fixed length control field 00910nam a22002777a 4500
001 - CONTROL NUMBER
control field 9954
003 - CONTROL NUMBER IDENTIFIER
control field FISKH
005 - DATE AND TIME OF LATEST TRANSACTION
control field 20260319120015.0
008 - FIXED-LENGTH DATA ELEMENTS--GENERAL INFORMATION
fixed length control field 260319b cb ||||| |||| 00| 0 eng d
020 ## - INTERNATIONAL STANDARD BOOK NUMBER
International Standard Book Number 9780689806209
040 ## - CATALOGING SOURCE
Original cataloging agency FISKH
Language of cataloging eng
Transcribing agency FISKH
Modifying agency FISKH
050 ## - LIBRARY OF CONGRESS CALL NUMBER
Classification number PZ7 .B3435 .I
082 ## - DEWEY DECIMAL CLASSIFICATION NUMBER
Classification number 394.2
100 ## - MAIN ENTRY--PERSONAL NAME
Personal name Baylor, Byrd
Relator term Author
245 ## - TITLE STATEMENT
Title I'm in charge of celebrations /
Statement of responsibility, etc. by Byrd Baylor ; pictures by Peter Parnall
260 ## - PUBLICATION, DISTRIBUTION, ETC.
Place of publication, distribution, etc. New York :
Name of publisher, distributor, etc. Aladdin Paperbacks ,
Date of publication, distribution, etc. 1995
300 ## - PHYSICAL DESCRIPTION
Extent 28 unnumbered pages :
Other physical details color illustrations ;
Dimensions 26 cm
505 ## - FORMATTED CONTENTS NOTE
Formatted contents note R<br/>
520 ## - SUMMARY, ETC.
Summary, etc. A dweller in the desert celebrates a triple rainbow, a chance encounter with a coyote, and other wonders of the wilderness.
521 8# - TARGET AUDIENCE NOTE
Target audience note 700<br/>
Source Lexile<br/>
521 8# - TARGET AUDIENCE NOTE
Target audience note R<br/>
Source Raz-Plus<br/>
650 ## - SUBJECT ADDED ENTRY--TOPICAL TERM
Topical term or geographic name entry element Free verse poetry
Form subdivision Visualizing
700 ## - ADDED ENTRY--PERSONAL NAME
Personal name Parnall, Peter
Relator term Illustrator
942 ## - ADDED ENTRY ELEMENTS (KOHA)
Source of classification or shelving scheme Dewey Decimal Classification
Koha item type Books
Suppress in OPAC No
Holdings
Withdrawn status Lost status Source of classification or shelving scheme Damaged status Not for loan Collection Home library Current library Shelving location Date acquired Total Checkouts Full call number Barcode Date last seen Copy number Price effective from Koha item type
    Dewey Decimal Classification     Juvenile Fiction Footprints International School Library Network Toul Tom Poung Campus Footprints International School Library Network Toul Tom Poung Campus TTP Primary Orange Bookshelves 03/19/2026   BAY 394.2 PZ7 .B3435 .I FIS04731 03/19/2026 1 03/19/2026 Books